Statistics for 45-宮崎県の市町村クイズ

Click here to take the quiz!

General Stats

  • This quiz has been taken 622 times
    (417 since last reset)
  • The average score is 15 of 26

Answers on the Map

Answers color-coded by a green-red scale on the quiz's map according to % correct below.
 

Answer Stats

Answer% Correct
延岡のべおか
77%
高千穂たかちほちょう
70%
宮崎みやざき
70%
えびの
69%
日向ひゅうが
67%
串間くしま
66%
都城みやこのじょう
66%
五ヶ瀬ごかせちょう
64%
日南にちなん
64%
西都さいと
63%
日之影ひのかげちょう
63%
小林こばやし
60%
椎葉しいばそん
60%
都農つのちょう
54%
門川かどがわちょう
53%
川南かわみなみちょう
51%
高鍋たかなべちょう
51%
三股みまたちょう
51%
諸塚もろつかそん
51%
西米良にしめらそん
50%
あやちょう
49%
木城きじょうちょう
49%
新富しんとみちょう
49%
美郷みさとちょう
49%
国富くにとみちょう
44%
高原たかはるちょう
44%

Score Distribution

Percentile by Number Answered

Percent of People with Each Score

Your Score History

You have not taken this quiz since the last reset